[Event "Chigorin Memorial"]
[Site "St Petersburg"]
[Date "2016.10.23"]
[Round "9.68"]
[White "Demianjuk, Alexander"]
[Black "Janiashvili, Irakli"]
[Result "1/2-1/2"]
[WhiteElo "2302"]
[BlackElo "2171"]
[PlyCount "98"]
[EventDate "2016.10.15"]
[EventType "swiss"]
[EventRounds "9"]
[EventCountry "RUS"]

1. d4 Nf6 2. c4 e6 3. Nc3 d5 4. cxd5 exd5 5. Bg5 Be7 6. e3 c6 7. Bd3 Nbd7 8.
Nf3 Nh5 9. Bxe7 Qxe7 10. O-O Nhf6 11. Qc2 O-O 12. Rab1 h6 13. b4 Nb6 14. b5 c5
15. dxc5 Qxc5 16. Rfc1 Be6 17. Ne4 Nxe4 18. Qxc5 Nxc5 19. Rxc5 Rac8 20. Rbc1
Rxc5 21. Rxc5 Rc8 22. Rxc8+ Nxc8 23. Nd4 Kf8 24. Kf1 Ke7 25. Ke2 Kd6 26. Kd2
Nb6 27. Bc2 Nc4+ 28. Kc3 Ne5 29. h3 g5 30. Nb3 Bd7 31. Nd4 h5 32. a4 h4 33. Bf5
f6 34. Bxd7 Nxd7 35. f4 Nb6 36. fxg5 fxg5 37. a5 Nc4 38. Nf3 Nxe3 39. Nxg5 Kc5
40. b6 a6 41. Ne6+ Kb5 42. Kd4 Nc4 43. Kxd5 Nxa5 44. Nd4+ Kxb6 45. Nf3 Kc7 46.
Nxh4 Nc6 47. Nf3 a5 48. Kc4 a4 49. Ne1 Kd6 1/2-1/2

[Event "Chigorin Memorial"]
[Site "St Petersburg"]
[Date "2016.10.23"]
[Round "9.69"]
[White "Nasybullina, Alfia"]
[Black "Fedotov, Nikita"]
[Result "0-1"]
[WhiteElo "2149"]
[BlackElo "2302"]
[PlyCount "102"]
[EventDate "2016.10.15"]
[EventType "swiss"]
[EventRounds "9"]
[EventCountry "RUS"]

1. d4 Nf6 2. c4 g6 3. Nc3 d5 4. cxd5 Nxd5 5. e4 Nxc3 6. bxc3 Bg7 7. Qa4+ Nd7 8.
Nf3 O-O 9. Be2 c5 10. O-O Qc7 11. Bg5 Nf6 12. Bd3 b6 13. Bh4 Bb7 14. Rfe1 Nh5
15. Rad1 h6 16. Ba6 Bxa6 17. Qxa6 g5 18. Bg3 Nxg3 19. hxg3 Rfd8 20. Qc4 e6 21.
d5 exd5 22. exd5 Rd7 23. Qe4 Bxc3 24. Re3 Bg7 25. d6 Qd8 26. Qd5 Qf8 27. Ne5
Bxe5 28. Qxe5 Rad8 29. Red3 Qe8 30. Qb2 Qe6 31. Re3 Qg6 32. Rde1 Rf8 33. f4
Qxd6 34. fxg5 hxg5 35. g4 Qd4 36. Qf2 Kg7 37. Rf1 f6 38. g3 Qxg4 39. Kg2 Qd4
40. Rh1 Qd5+ 41. Kg1 Rfd8 42. Re2 Qd4 43. Qxd4 cxd4 44. Kf2 d3 45. Rd2 Kg6 46.
Ke1 Re8+ 47. Kd1 Re3 48. Rg1 Rc7 49. g4 Re2 50. Rxd3 Rxa2 51. Rgg3 Rh7 0-1

[Event "Chigorin Memorial"]
[Site "St Petersburg"]
[Date "2016.10.23"]
[Round "9.70"]
[White "Drogovoz, Irina"]
[Black "Shchukin, Dmitry"]
[Result "0-1"]
[WhiteElo "2144"]
[BlackElo "2300"]
[PlyCount "118"]
[EventDate "2016.10.15"]
[EventType "swiss"]
[EventRounds "9"]
[EventCountry "RUS"]

1. d4 d6 2. Nf3 Bg4 3. e4 Nf6 4. h3 Bxf3 5. Qxf3 c6 6. Bd3 e6 7. O-O Nbd7 8.
Qe2 Qb6 9. c3 Be7 10. Be3 g6 11. a4 a5 12. f4 d5 13. e5 Nh5 14. Qf2 f5 15. c4
Qd8 16. g3 dxc4 17. Bxc4 Ng7 18. Qc2 Nb6 19. Qb3 Nxc4 20. Qxc4 Qd5 21. Qc2 Bb4
22. Nc3 Qc4 23. Rac1 Bxc3 24. bxc3 O-O 25. Rfd1 Rfd8 26. Rb1 b5 27. Rd2 Ne8 28.
Qb3 Qxb3 29. Rxb3 Nc7 30. Ra2 Rdb8 31. Bd2 Nd5 32. Rb1 bxa4 33. Rxb8+ Rxb8 34.
Rxa4 Rb1+ 35. Kf2 Rb2 36. Ke1 Nb6 37. Rxa5 Rxd2 38. Rc5 Rb2 39. Rxc6 Kf7 40.
Rc7+ Ke8 41. Rxh7 Rc2 42. Rg7 Nd5 43. Rxg6 Kf7 44. Rh6 Rxc3 45. Kf2 Rd3 46.
Rh7+ Kg6 47. Rd7 Rxd4 48. Rd6 Kf7 49. h4 Rd2+ 50. Kf3 Rh2 51. Rd7+ Ke8 52. Ra7
Nc3 53. Ra8+ Kf7 54. Ra7+ Kf8 55. Ra8+ Kg7 56. Ra7+ Kh6 57. Ra6 Nd1 58. g4 Rh3+
59. Ke2 Nc3+ 0-1

[Event "Chigorin Memorial"]
[Site "St Petersburg"]
[Date "2016.10.23"]
[Round "9.71"]
[White "Askerov, Marat"]
[Black "Rudenko, Naum"]
[Result "1/2-1/2"]
[WhiteElo "2299"]
[BlackElo "2102"]
[PlyCount "164"]
[EventDate "2016.10.15"]
[EventType "swiss"]
[EventRounds "9"]
[EventCountry "RUS"]

1. d4 Nf6 2. c4 e6 3. Nf3 c5 4. d5 b5 5. dxe6 fxe6 6. cxb5 d5 7. e3 Bd6 8. Nbd2
Bb7 9. Be2 O-O 10. O-O Nbd7 11. Qc2 Ne4 12. b3 Ne5 13. Nxe4 Nxf3+ 14. Bxf3 dxe4
15. Bg4 Bd5 16. g3 Qg5 17. Bh3 h5 18. Bb2 h4 19. a4 hxg3 20. hxg3 Rf3 21. Rfe1
Kf7 22. Bg2 Rh8 23. Qc3 Qh6 24. Qxg7+ Qxg7 25. Bxg7 Kxg7 26. Bxf3 exf3 27. Rad1
Rd8 28. Rd3 Be4 29. Rd2 Kf7 30. Rc1 Ke7 31. Rc4 Bd5 32. Rh4 Bxb3 33. Rh7+ Kf6
34. Rxa7 c4 35. Ra6 c3 36. Rdxd6 c2 37. Rdc6 Rd1+ 38. Kh2 c1=Q 39. Rxc1 Rxc1
40. g4 Bd5 41. Kg3 Kg5 42. e4 Bxe4 43. Rxe6 Rg1+ 44. Kh3 Kf4 45. Rf6+ Ke5 46.
Rf7 Rg2 47. a5 Rxf2 48. a6 Ra2 49. a7 f2 50. Kg3 Rxa7 51. Rxf2 Ra3+ 52. Kh4 Rb3
53. Kh5 Rxb5 54. g5 Rb8 55. Rf6 Rh8+ 56. Kg4 Rh1 57. Rf8 Rg1+ 58. Kh5 Bf5 59.
Re8+ Kf4 60. Kh6 Rh1+ 61. Kg7 Kxg5 62. Rb8 Rh7+ 63. Kg8 Ra7 64. Rb6 Kf4 65.
Rb4+ Ke5 66. Rb2 Kf6 67. Rb6+ Be6+ 68. Kh8 Ra5 69. Rb7 Rh5+ 70. Rh7 Rg5 71. Rg7
Ra5 72. Rg6+ Ke7 73. Rg7+ Bf7 74. Rg1 Ra8+ 75. Kh7 Be6 76. Rf1 Ra4 77. Rf2 Rg4
78. Kh6 Bf7 79. Rc2 Kf8 80. Rc5 Rh4+ 81. Kg5 Rh5+ 82. Kf6 Rxc5 1/2-1/2

[Event "Chigorin Memorial"]
[Site "St Petersburg"]
[Date "2016.10.23"]
[Round "9.72"]
[White "Ungurs, Edgars"]
[Black "Li, Yankai"]
[Result "0-1"]
[WhiteElo "2140"]
[BlackElo "2298"]
[PlyCount "52"]
[EventDate "2016.10.15"]
[EventType "swiss"]
[EventRounds "9"]
[EventCountry "RUS"]

1. c4 Nf6 2. g3 g6 3. Bg2 d5 4. cxd5 Nxd5 5. Nc3 Nb6 6. d3 Bg7 7. Be3 Nc6 8.
Bxc6+ bxc6 9. Qd2 h5 10. Nf3 Bg4 11. Ng5 Nd5 12. Nge4 h4 13. f3 hxg3 14. Nxg3
Bh3 15. Nge4 Bg2 16. O-O-O Bxh1 17. Rxh1 Nxe3 18. Qxe3 Qd4 19. Qd2 Rxh2 20.
Rxh2 Qg1+ 21. Qd1 Qxh2 22. Qa4 Qg1+ 23. Kc2 Qb6 24. b4 Bxc3 25. Kxc3 a5 26. Kc2
Qb5 0-1

[Event "Chigorin Memorial"]
[Site "St Petersburg"]
[Date "2016.10.23"]
[Round "9.73"]
[White "Ibadov, Dashgyn"]
[Black "Golikov, Daniil"]
[Result "1/2-1/2"]
[WhiteElo "2294"]
[BlackElo "2114"]
[PlyCount "120"]
[EventDate "2016.10.15"]
[EventType "swiss"]
[EventRounds "9"]
[EventCountry "RUS"]

1. e4 e6 2. d4 d5 3. Nd2 c5 4. exd5 exd5 5. Ngf3 Nc6 6. Bb5 Bd6 7. dxc5 Bxc5 8.
O-O Nge7 9. Nb3 Bd6 10. Re1 O-O 11. Bd3 h6 12. h3 Bc7 13. Be3 Nf5 14. Bc5 Re8
15. Nbd4 Nfxd4 16. Nxd4 Rxe1+ 17. Qxe1 Ne5 18. Bf5 b6 19. Bb4 Bxf5 20. Nxf5 Qg5
21. Ne7+ Kh8 22. Qe3 Rd8 23. Qxg5 hxg5 24. Rd1 d4 25. Nf5 Nc6 26. Ba3 g6 27.
Ng3 Bxg3 28. fxg3 g4 29. b3 gxh3 30. gxh3 Kg8 31. Kf2 Rd5 32. Bb2 Kf8 33. Rd2
Ke7 34. g4 Ke6 35. Kg3 Ra5 36. a4 Rc5 37. h4 f6 38. Re2+ Re5 39. Kf3 f5 40. g5
Rxe2 41. Kxe2 f4 42. Bc1 Kf5 43. Bd2 Ne5 44. a5 bxa5 45. Bxa5 Kg4 46. Bd2 f3+
47. Kf2 Kxh4 48. Bf4 d3 49. c4 Kg4 50. Bd2 Kf5 51. Kg3 Ke4 52. Kf2 Ng4+ 53. Kg3
Ne3 54. Kf2 Nd1+ 55. Kg3 f2 56. Kg2 Kd4 57. Kf1 a5 58. Kg2 a4 59. bxa4 Kxc4 60.
a5 Kb5 1/2-1/2

[Event "Chigorin Memorial"]
[Site "St Petersburg"]
[Date "2016.10.23"]
[Round "9.74"]
[White "Utiatskaja, Irina"]
[Black "Paszewski, Mateusz"]
[Result "1/2-1/2"]
[WhiteElo "2123"]
[BlackElo "2291"]
[PlyCount "57"]
[EventDate "2016.10.15"]
[EventType "swiss"]
[EventRounds "9"]
[EventCountry "RUS"]

1. e4 c5 2. Nf3 d6 3. d4 cxd4 4. Nxd4 Nf6 5. Nc3 g6 6. Be3 Bg7 7. f3 O-O 8. Qd2
Nc6 9. g4 Be6 10. Nxe6 fxe6 11. O-O-O Ne5 12. Be2 Qc8 13. h4 Nfd7 14. h5 Nc4
15. Bxc4 Qxc4 16. hxg6 hxg6 17. f4 Bxc3 18. bxc3 Qxa2 19. Qh2 Kf7 20. Qh7+ Ke8
21. Qxg6+ Kd8 22. e5 dxe5 23. f5 exf5 24. Bc5 Qa1+ 25. Kd2 Qa4 26. Kc1 Qa1+ 27.
Kd2 Qa4 28. Kc1 Qa1+ 29. Kd2 1/2-1/2

[Event "Chigorin Memorial"]
[Site "St Petersburg"]
[Date "2016.10.23"]
[Round "9.75"]
[White "Tsvetkov, Andrey"]
[Black "Leontiev, Aleksandr V"]
[Result "0-1"]
[WhiteElo "1992"]
[BlackElo "2285"]
[PlyCount "56"]
[EventDate "2016.10.15"]
[EventType "swiss"]
[EventRounds "9"]
[EventCountry "RUS"]

1. d4 e6 2. c4 b6 3. a3 Bb7 4. d5 Qh4 5. e3 exd5 6. cxd5 Nf6 7. Nc3 Ne4 8. Nh3
Be7 9. Qd3 Nxc3 10. bxc3 Na6 11. c4 Bf6 12. Rb1 Nc5 13. Qc2 c6 14. Nf4 g5 15.
g3 Qh6 16. Ne2 cxd5 17. Bg2 Nd3+ 18. Kf1 Qg6 19. cxd5 Rc8 20. Qb3 Ba6 21. Bd2
Qf5 22. f3 Nc5 23. Qd1 O-O 24. Bb4 Rfe8 25. Bxc5 Rxc5 26. g4 Qe5 27. e4 Rec8
28. f4 Qxf4+ 0-1

[Event "Chigorin Memorial"]
[Site "St Petersburg"]
[Date "2016.10.23"]
[Round "9.76"]
[White "Danielyan, Vahe"]
[Black "Svidinsky, Dmitry"]
[Result "1-0"]
[WhiteElo "2270"]
[BlackElo "2099"]
[PlyCount "109"]
[EventDate "2016.10.15"]
[EventType "swiss"]
[EventRounds "9"]
[EventCountry "RUS"]

1. e4 c5 2. Nc3 e6 3. Nf3 d5 4. exd5 exd5 5. Bb5+ Nc6 6. d4 Nf6 7. O-O cxd4 8.
Nxd4 Bd7 9. Re1+ Be7 10. Bf4 O-O 11. Nb3 Bf5 12. Ne2 Rc8 13. Ng3 Be6 14. c3 Qb6
15. Bd3 Rfd8 16. Nf5 Bxf5 17. Bxf5 Ra8 18. Qf3 a5 19. Qg3 Nh5 20. Qh3 g6 21.
Be3 Qc7 22. Nd4 Nxd4 23. cxd4 Bf6 24. Rac1 Qb6 25. Red1 Ng7 26. Bd3 Ne6 27. Bf1
Qxb2 28. Rb1 Qxa2 29. Qf3 Bg7 30. Rxb7 Rf8 31. Rd2 Qa1 32. Rd1 Qa2 33. g3 a4
34. Bh3 f5 35. Bg2 Rfd8 36. Re7 Ra6 37. g4 Qb3 38. gxf5 gxf5 39. Bf1 Rc6 40.
Rd3 Qb4 41. Ra7 Nc7 42. Bf4 Rg6+ 43. Bg3 Nb5 44. Ra8 Qf8 45. Rxd8 Qxd8 46. Qxf5
Nxd4 47. Qh5 Qg5 48. Qd1 Qf6 49. Bg2 h5 50. Bxd5+ Kf8 51. Qe1 Qd6 52. Bg2 Qb6
53. Re3 Nc2 54. Re8+ Kf7 55. Qe7# 1-0

[Event "Chigorin Memorial"]
[Site "St Petersburg"]
[Date "2016.10.23"]
[Round "9.77"]
[White "Egorov, Pavel"]
[Black "Lazhevskaya, Zhanni"]
[Result "1/2-1/2"]
[WhiteElo "2257"]
[BlackElo "2065"]
[PlyCount "152"]
[EventDate "2016.10.15"]
[EventType "swiss"]
[EventRounds "9"]
[EventCountry "RUS"]

1. d4 Nf6 2. c4 e6 3. Nf3 Bb4+ 4. Nc3 b6 5. e3 Ne4 6. Qc2 Bb7 7. Bd3 f5 8. O-O
Bxc3 9. bxc3 O-O 10. Nd2 Qh4 11. f3 Ng5 12. Rf2 d6 13. f4 Nf7 14. e4 Nh6 15.
Nf3 Qh5 16. h3 Nd7 17. Ng5 Rae8 18. Qa4 Nf6 19. e5 Ne4 20. Bxe4 fxe4 21. Qxa7
Ba8 22. exd6 cxd6 23. Be3 Qh4 24. d5 exd5 25. f5 Nxf5 26. Raf1 g6 27. g4 d4 28.
cxd4 Re7 29. Qxe7 Qxf2+ 30. Rxf2 Nxe7 31. Rxf8+ Kxf8 32. d5 b5 33. Ne6+ Kf7 34.
Nc7 bxc4 35. Nxa8 Nxd5 36. Kf2 c3 37. Nb6 Nb4 38. a4 Ke6 39. Ke2 d5 40. Bd4 c2
41. Kd2 h5 42. Bc3 Nc6 43. Kxc2 d4 44. Be1 hxg4 45. hxg4 Kf6 46. Kb3 Kg5 47.
Kc4 Kf4 48. Kd5 Ne5 49. a5 e3 50. Nc4 Nf3 51. Bb4 e2 52. Nb2 Ke3 53. Nc4+ Kf4
54. a6 d3 55. Ne5 d2 56. Bxd2+ Nxd2 57. a7 Ke3 58. a8=Q e1=Q 59. Qa7+ Ke2 60.
Qa6+ Kd1 61. Qa4+ Ke2 62. Qa6+ Kd1 63. Qxg6 Qh1+ 64. Ke6 Ne4 65. Kf7 Qg2 66.
Kg7 Ke2 67. Qb6 Qg3 68. Qd4 Ng5 69. Kg6 Nh3 70. Qc4+ Ke3 71. Qd3+ Kf2 72. Qd2+
Kg1 73. Kf5 Qf2+ 74. Qxf2+ Kxf2 75. Nf7 Kg3 76. Ng5 Nf2 1/2-1/2

[Event "Chigorin Memorial"]
[Site "St Petersburg"]
[Date "2016.10.23"]
[Round "9.78"]
[White "Avalyan, Artur"]
[Black "Apryshko, Gleb"]
[Result "1-0"]
[WhiteElo "2138"]
[BlackElo "2392"]
[PlyCount "39"]
[EventDate "2016.10.15"]
[EventType "swiss"]
[EventRounds "9"]
[EventCountry "RUS"]

1. d4 e5 2. dxe5 Nc6 3. Nf3 Qe7 4. g3 Nxe5 5. Nxe5 Qxe5 6. Bg2 h5 7. c3 h4 8.
Bf4 Qa5 9. Nd2 d6 10. Nb3 Qh5 11. gxh4 Ne7 12. Bf3 Qxh4 13. Bg3 Qh6 14. Nd4 f5
15. e3 g5 16. Nb5 Kd8 17. Bxd6 cxd6 18. Nxd6 Kc7 19. Nf7 Qf6 20. Qd8+ 1-0

[Event "Chigorin Memorial"]
[Site "St Petersburg"]
[Date "2016.10.23"]
[Round "9.79"]
[White "Martynov, Pavel"]
[Black "Krasovskiy, Sviatoslav"]
[Result "0-1"]
[WhiteElo "2374"]
[BlackElo "2123"]
[PlyCount "48"]
[EventDate "2016.10.15"]
[EventType "swiss"]
[EventRounds "9"]
[EventCountry "RUS"]

1. e4 Nf6 2. e5 Nd5 3. c4 Nb6 4. b3 d5 5. exd6 Qxd6 6. Bb2 Nc6 7. d4 Bf5 8. Be2
Qg6 9. Nf3 Bc2 10. Qc1 e5 11. O-O exd4 12. Nxd4 Nxd4 13. Bxd4 O-O-O 14. Be3 Be4
15. f3 Bd3 16. Nc3 Bb4 17. Bxd3 Rxd3 18. Nb5 Re8 19. Bf2 a6 20. Na3 Re2 21. Nc2
Bc5 22. g3 Rxf2 23. Rxf2 Bxf2+ 24. Kxf2 Rc3 0-1

[Event "Chigorin Memorial"]
[Site "St Petersburg"]
[Date "2016.10.23"]
[Round "9.80"]
[White "Aguera Naredo, Javier"]
[Black "Hakobyan, Hovhannes H"]
[Result "1-0"]
[WhiteElo "2367"]
[BlackElo "2136"]
[PlyCount "103"]
[EventDate "2016.10.15"]
[EventType "swiss"]
[EventRounds "9"]
[EventCountry "RUS"]

1. e4 c5 2. Nf3 Nc6 3. Bb5 g6 4. Bxc6 bxc6 5. O-O Bg7 6. Re1 Rb8 7. c3 Nf6 8.
d4 cxd4 9. cxd4 O-O 10. Nc3 d6 11. h3 Nd7 12. b3 Bb7 13. Be3 Rc8 14. Qd2 Re8
15. Rac1 Qa5 16. Rc2 c5 17. Rec1 Qa6 18. d5 Ne5 19. Ne1 c4 20. b4 Nd3 21. b5
Qa5 22. Nxd3 cxd3 23. Qxd3 a6 24. b6 e6 25. dxe6 fxe6 26. Ne2 Rxc2 27. Qxc2 Re7
28. Qc4 d5 29. Qc5 Qxc5 30. Bxc5 Rd7 31. Rd1 d4 32. f3 Bh6 33. Nc1 Bc6 34. Nd3
Ba4 35. Ne5 Be3+ 36. Kf1 Rd8 37. Rb1 Bb5+ 38. Rxb5 axb5 39. Nc6 Rd7 40. g3 Bg5
41. Bxd4 Be7 42. Nxe7+ Rxe7 43. Be5 Rb7 44. Bc7 e5 45. Ke2 Kf7 46. Kd3 Ke6 47.
Kc3 Kd7 48. Kb4 Kc6 49. Ka5 g5 50. a3 h5 51. Ka6 h4 52. g4 1-0

[Event "Chigorin Memorial"]
[Site "St Petersburg"]
[Date "2016.10.23"]
[Round "9.81"]
[White "Barchuk, Irina"]
[Black "Vokhidov, Shamsiddin"]
[Result "0-1"]
[WhiteElo "2126"]
[BlackElo "2366"]
[PlyCount "70"]
[EventDate "2016.10.15"]
[EventType "swiss"]
[EventRounds "9"]
[EventCountry "RUS"]

1. e4 c5 2. Nf3 e6 3. d4 cxd4 4. Nxd4 Nc6 5. Nc3 Qc7 6. Be3 a6 7. Qf3 Ne5 8.
Qg3 h5 9. Nf5 f6 10. Nxg7+ Kf7 11. Nxh5 Rxh5 12. O-O-O b5 13. f4 Nc4 14. Bxc4
bxc4 15. Qg4 Rh7 16. f5 Ne7 17. fxe6+ dxe6 18. Rdf1 Bg7 19. Qf3 Bb7 20. g4 Ng6
21. Bg5 Qe5 22. h4 Rf8 23. Qf2 Kg8 24. Be3 f5 25. Bc5 fxg4 26. Bxf8 Bxf8 27. h5
g3 28. Qf3 Qf4+ 29. Kb1 Qxf3 30. Rxf3 g2 31. Rg1 Nh4 32. Rh3 Bc5 33. Rxh4 Bxg1
34. h6 Rf7 35. a3 Rf2 0-1

[Event "Chigorin Memorial"]
[Site "St Petersburg"]
[Date "2016.10.23"]
[Round "9.82"]
[White "Pershin, Denis"]
[Black "Yeritsyan, Aram"]
[Result "1/2-1/2"]
[WhiteElo "2345"]
[BlackElo "2114"]
[PlyCount "92"]
[EventDate "2016.10.15"]
[EventType "swiss"]
[EventRounds "9"]
[EventCountry "RUS"]

1. d4 Nf6 2. Nf3 e6 3. Bf4 c5 4. e3 d5 5. c3 Nc6 6. Nbd2 Bd6 7. Bg3 O-O 8. Bd3
b6 9. Qe2 Bb7 10. Rd1 Re8 11. e4 Bxg3 12. hxg3 Nd7 13. e5 Nf8 14. a3 cxd4 15.
cxd4 Rc8 16. Bb1 Na5 17. Qd3 Nc4 18. Nxc4 dxc4 19. Qe3 Qe7 20. Ng5 h6 21. Ne4
Bxe4 22. Bxe4 c3 23. bxc3 Qxa3 24. Rc1 Rc7 25. Kd2 Rec8 26. Rc2 b5 27. Rb1 Nd7
28. Rxb5 Nb6 29. Qd3 Nc4+ 30. Ke2 Nb6 31. c4 Qxd3+ 32. Bxd3 Nxc4 33. Ra2 Rd7
34. Rc2 Rdc7 35. f4 Kf8 36. f5 Nb6 37. Rxc7 Rxc7 38. Be4 Ke7 39. Kd3 Nd7 40.
Ra5 f6 41. exf6+ Kxf6 42. fxe6 Kxe6 43. Bf5+ Kd6 44. Bxd7 Rxd7 45. Ra6+ Kd5 46.
Ra5+ Kd6 1/2-1/2

[Event "Chigorin Memorial"]
[Site "St Petersburg"]
[Date "2016.10.23"]
[Round "9.83"]
[White "Trapeznikova, Darya"]
[Black "Maltsevskaya, Aleksandra"]
[Result "1/2-1/2"]
[WhiteElo "2093"]
[BlackElo "2319"]
[PlyCount "116"]
[EventDate "2016.10.15"]
[EventType "swiss"]
[EventRounds "9"]
[EventCountry "RUS"]

1. f4 c5 2. Nf3 Nc6 3. g3 d5 4. Bg2 g6 5. O-O Bg7 6. d3 Nf6 7. Qe1 d4 8. a4 O-O
9. Na3 a6 10. Nc4 Be6 11. Nfe5 Nd5 12. Nxc6 bxc6 13. Bd2 Rb8 14. Qc1 Qc8 15.
Na5 h5 16. c4 Ne3 17. Bxe3 dxe3 18. Nxc6 Qd7 19. Nxb8 Rxb8 20. Rb1 Bg4 21. Qc2
Rb4 22. b3 Bd4 23. Be4 Kg7 24. Bf3 Bh3 25. Rfc1 a5 26. Qd1 Rb8 27. Bg2 Bxg2 28.
Kxg2 h4 29. gxh4 Rh8 30. Qf1 Qg4+ 31. Kh1 Qxh4 32. Qg2 Qxf4 33. Rf1 Qh4 34. Rf3
f6 35. h3 g5 36. Qg3 Qxg3 37. Rxg3 Kg6 38. Kg2 f5 39. Rh1 Rb8 40. Rb1 Rh8 41.
Rh1 Kf6 42. Rf1 Rh4 43. Rh1 Rh8 44. Rf1 e6 45. Rb1 f4 46. Rg4 Kf5 47. Rh1 Bf6
48. Kf3 e5 49. Rgg1 Be7 50. Rd1 Rb8 51. Rb1 Rd8 52. Rbd1 Rb8 53. Rb1 Bd6 54.
Rhg1 Rh8 55. Rh1 Be7 56. Rbg1 Rb8 57. Rb1 Rh8 58. Rbg1 Rb8 1/2-1/2

[Event "Chigorin Memorial"]
[Site "St Petersburg"]
[Date "2016.10.23"]
[Round "9.84"]
[White "Musaev, Rasul"]
[Black "Protopopova, Anastasiya"]
[Result "1-0"]
[WhiteElo "2312"]
[BlackElo "2082"]
[PlyCount "145"]
[EventDate "2016.10.15"]
[EventType "swiss"]
[EventRounds "9"]
[EventCountry "RUS"]

1. e4 c6 2. Nc3 d5 3. Nf3 Bg4 4. h3 Bxf3 5. Qxf3 e6 6. d3 Nd7 7. Bd2 Bc5 8. Qg3
Qf6 9. h4 Qg6 10. Qh3 f5 11. h5 Qf7 12. O-O-O O-O-O 13. Bg5 Ne7 14. d4 Bd6 15.
exd5 exd5 16. Bd3 Rhf8 17. Rde1 Rde8 18. Ne2 Ng8 19. Bf4 Bxf4+ 20. Nxf4 Nh6 21.
f3 Rxe1+ 22. Rxe1 Re8 23. Qh4 Rxe1+ 24. Qxe1 Nf6 25. Qe5 Nxh5 26. Ne6 Qe7 27.
Bxf5 Nxf5 28. Qxf5 g6 29. Qe5 Nf6 30. g4 Ne8 31. Kd1 h6 32. Ke2 b6 33. Kf2 Kd7
34. Nf4 Qxe5 35. dxe5 g5 36. Ne2 Ng7 37. Nd4 c5 38. Nf5 Nxf5 39. gxf5 b5 40. f4
gxf4 41. Kf3 Ke7 42. Kxf4 d4 43. Ke4 h5 44. Kd5 h4 45. f6+ Kf7 46. e6+ Kxf6 47.
Kd6 h3 48. e7 h2 49. e8=Q h1=Q 50. Qf8+ Kg6 51. Qg8+ Kf6 52. Qf8+ Kg6 53. Kxc5
Qe4 54. Qd6+ Kh7 55. Qc7+ Kg8 56. Qb8+ Kg7 57. Qxa7+ Kh6 58. Qb6+ Kh5 59. Kxb5
Qe2+ 60. Ka5 Qxc2 61. Qxd4 Kh6 62. Kb6 Qg6+ 63. Ka5 Qc2 64. a4 Kh7 65. b4 Qc7+
66. Qb6 Qc8 67. Qa7+ Kh8 68. b5 Qd8+ 69. Ka6 Qc8+ 70. Qb7 Qc4 71. a5 Qe2 72.
Ka7 Qd2 73. a6 1-0

[Event "Chigorin Memorial"]
[Site "St Petersburg"]
[Date "2016.10.23"]
[Round "9.85"]
[White "Sichinava, Zviad"]
[Black "Dmitriev, Vladimir"]
[Result "1-0"]
[WhiteElo "2305"]
[BlackElo "2081"]
[PlyCount "77"]
[EventDate "2016.10.15"]
[EventType "swiss"]
[EventRounds "9"]
[EventCountry "RUS"]

1. d4 d5 2. Bg5 c6 3. e3 Qb6 4. Qc1 Nd7 5. Nf3 Ngf6 6. Bd3 Ne4 7. Bf4 f6 8. h4
g6 9. c4 e5 10. dxe5 Ndc5 11. Be2 Bg7 12. exf6 Bxf6 13. Be5 O-O 14. Bxf6 Rxf6
15. Nbd2 Bg4 16. Qc2 Raf8 17. O-O Nxd2 18. Qxd2 Ne4 19. Qc2 Qb4 20. Rad1 Bxf3
21. Bxf3 Rxf3 22. gxf3 Rxf3 23. Qe2 Qf8 24. Kg2 Rf5 25. f3 Nf6 26. cxd5 cxd5
27. Rd4 Nh5 28. Rc1 Qe7 29. Qd3 Qf7 30. Rc8+ Kg7 31. Qc3 Kh6 32. Rc7 Qf6 33.
Rg4 Qa6 34. Qd2 Qd6 35. Rxb7 Qf6 36. e4+ Rf4 37. exd5 Qd6 38. Rf7 g5 39. hxg5+
1-0

[Event "Chigorin Memorial"]
[Site "St Petersburg"]
[Date "2016.10.23"]
[Round "9.86"]
[White "Ageichenko, Genadi A"]
[Black "Kamnev, Alexander"]
[Result "1-0"]
[WhiteElo "2261"]
[BlackElo "2073"]
[PlyCount "43"]
[EventDate "2016.10.15"]
[EventType "swiss"]
[EventRounds "9"]
[EventCountry "RUS"]

1. Nf3 d5 2. d4 Nf6 3. c4 e6 4. Nc3 Be7 5. Bg5 O-O 6. e3 h6 7. Bh4 b6 8. Bd3
Bb7 9. O-O Nbd7 10. Qe2 c5 11. Rfd1 Ne4 12. Bg3 Nxg3 13. hxg3 cxd4 14. exd4 Nf6
15. Rac1 Bb4 16. Ne5 dxc4 17. Bxc4 Nd5 18. Ne4 Nf6 19. Nxf6+ gxf6 20. Nxf7 Rxf7
21. Qxe6 Qe7 22. Qxf7+ 1-0

[Event "Chigorin Memorial"]
[Site "St Petersburg"]
[Date "2016.10.23"]
[Round "9.87"]
[White "Ufimtsev, Egor"]
[Black "Guzenko, Artem"]
[Result "1-0"]
[WhiteElo "2088"]
[BlackElo "2261"]
[PlyCount "47"]
[EventDate "2016.10.15"]
[EventType "swiss"]
[EventRounds "9"]
[EventCountry "RUS"]

1. Nf3 c5 2. c4 e6 3. g3 b6 4. Bg2 Bb7 5. O-O Qc7 6. Nc3 a6 7. d4 Nf6 8. Bf4 d6
9. dxc5 bxc5 10. Qd2 Nc6 11. Rad1 Rd8 12. e4 Be7 13. Qe3 O-O 14. h3 Nd4 15. e5
Nf5 16. Qe2 dxe5 17. Bxe5 Qb6 18. b3 Nd7 19. Na4 Qc6 20. Nh4 Nxe5 21. Qxe5 Bxh4
22. Bxc6 Bxc6 23. gxh4 Nxh4 24. f3 1-0

[Event "Chigorin Memorial"]
[Site "St Petersburg"]
[Date "2016.10.23"]
[Round "9.88"]
[White "Aseev, Vladimir"]
[Black "Kuzmin, Egor"]
[Result "1/2-1/2"]
[WhiteElo "2087"]
[BlackElo "2259"]
[PlyCount "93"]
[EventDate "2016.10.15"]
[EventType "swiss"]
[EventRounds "9"]
[EventCountry "RUS"]

1. d4 g6 2. e4 Bg7 3. Nc3 d6 4. Be3 Nd7 5. Be2 c6 6. Qd2 b5 7. a3 a6 8. Nf3 Qc7
9. O-O Bb7 10. Rfe1 h6 11. Bf1 e6 12. Bf4 Ne7 13. Rad1 Nb6 14. h3 Rd8 15. Qc1
Kf8 16. Nb1 Kg8 17. b3 Kh7 18. c4 bxc4 19. bxc4 e5 20. Be3 Nd7 21. dxe5 Nxe5
22. Nfd2 c5 23. Nc3 N5c6 24. Nf3 Rhe8 25. Bf4 Nd4 26. Nxd4 Bxd4 27. Rd3 Ng8 28.
Nd5 Bxd5 29. cxd5 Qb6 30. Rf3 Rd7 31. Qc2 Rb8 32. e5 dxe5 33. Bxe5 Bxe5 34.
Rxe5 Nf6 35. Re6 fxe6 36. Rxf6 Qb1 37. Qa4 Rxd5 38. Qf4 Rd1 39. Qc7+ Kh8 40.
Rf7 Rxf1+ 41. Kh2 Rh1+ 42. Kg3 Rb3+ 43. f3 Rxf3+ 44. Rxf3 Qe1+ 45. Kg4 Qe4+ 46.
Kg3 Qe1+ 47. Kg4 1/2-1/2

[Event "Chigorin Memorial"]
[Site "St Petersburg"]
[Date "2016.10.23"]
[Round "9.89"]
[White "Polyaninov, Aleksey"]
[Black "Gorbatenko, Alexander"]
[Result "1-0"]
[WhiteElo "2256"]
[BlackElo "2067"]
[PlyCount "69"]
[EventDate "2016.10.15"]
[EventType "swiss"]
[EventRounds "9"]
[EventCountry "RUS"]

1. Nf3 d5 2. g3 c6 3. Bg2 Bg4 4. O-O Nf6 5. b3 e6 6. Bb2 Nbd7 7. c4 Be7 8. d3
O-O 9. Nbd2 a5 10. a3 Re8 11. Qc2 Bf8 12. h3 Bh5 13. Rac1 e5 14. cxd5 Nxd5 15.
Nc4 f6 16. e4 N5b6 17. Ne3 Bf7 18. d4 exd4 19. Nxd4 Nc5 20. Nef5 a4 21. b4 Nb3
22. Rcd1 Qb8 23. Ne3 Qa7 24. Ndf5 Rad8 25. Qc3 Be6 26. e5 Rxd1 27. Rxd1 Bxf5
28. Nxf5 Rxe5 29. Qf3 Re6 30. Qg4 Kf7 31. Qh5+ Kg8 32. Rd8 Nc4 33. Qg4 Re1+ 34.
Kh2 b5 35. Nh6+ 1-0

[Event "Chigorin Memorial"]
[Site "St Petersburg"]
[Date "2016.10.23"]
[Round "9.90"]
[White "Bimiev, Ahmad"]
[Black "Melnikov, Dmitry"]
[Result "1/2-1/2"]
[WhiteElo "2076"]
[BlackElo "2254"]
[PlyCount "88"]
[EventDate "2016.10.15"]
[EventType "swiss"]
[EventRounds "9"]
[EventCountry "RUS"]

1. c4 f5 2. Nf3 Nf6 3. g3 g6 4. Bg2 Bg7 5. O-O O-O 6. Nc3 d6 7. d4 Qe8 8. d5
Na6 9. Nd4 Nc5 10. b4 Nfe4 11. Ncb5 Na6 12. f3 Nf6 13. Rb1 c6 14. Nc3 Nxb4 15.
Rxb4 c5 16. Rb3 cxd4 17. Nb5 Qd8 18. Nxd4 Qc7 19. Qd3 Bd7 20. Be3 Rfc8 21. Rc1
b6 22. Rbc3 Qd8 23. Bf2 Bh6 24. Re1 Rc7 25. f4 Rac8 26. a3 Ng4 27. e4 fxe4 28.
Bxe4 Nxf2 29. Kxf2 Bg7 30. Rc2 Qf8 31. Nc6 Kh8 32. Kg2 Bf6 33. Rce2 e6 34. Bf3
exd5 35. cxd5 Qh6 36. Kh1 Qh3 37. Qa6 Bc3 38. Rc1 Bf6 39. Rce1 Bc3 40. Rd1 Bf6
41. a4 h5 42. Bg2 Qg4 43. Qd3 Bf5 44. Qe3 h4 1/2-1/2